000 00291nam a22001337a 4500
003 SGT
082 _a613.3
_bC09P
100 _aPANDEY, SURESHWAR
245 _aCLINICAL ORTHOPEDIC DIAGNOSIS
260 _aINDIA
_bJAYPEE
_c2009
300 _a729
650 _aORTHOPEDIC
942 _2ddc
_cBK
999 _c14596
_d14596